Songs associated with movies - Statistics

General Stats
  • This quiz has been taken 38 times
  • The average score is 9 of 22
Answer Stats
Song / Artist Answer % Correct
Eye of the Tiger - Survivor (1983) Rocky 3
88%
My Heart Will Go On - Celine Dion (1997) Titanic
85%
I Will Always Love You - Whiney Houston (1992) The Bodyguard
76%
Lose Yourself - Eminem (2002) 8 Mile
70%
Stayin' Alive - The Bee Gees (1977) Saturday Night Fever
70%
All Star - Smashmouth (2001) Shrek
64%
I Believe I Can Fly - R. Kelly (1996) Space Jam
64%
Don’t You (Forget About Me) - Simple Minds (1985) The Breakfast Club
58%
Happy - Pharrell Williams (2013) Despicable Me 2
55%
Danger Zone - Kenny Loggins (1986) Top Gun
52%
Maniac - Micheal Sembello (1983) Flashdance
42%
Independent Woman - Destiny's Child (2000) Charlie's Angels
36%
Beautiful Stranger - Madonna (1999) Austin Powers: The Spy Who Shagged Me
27%
Flashlight - Jessie J (2015) Pitch Perfect 2
27%
Carwash - Christina Aguilera feat. Missy Elliott (2004) Shark Tale
21%
Iris - Goo Goo Dolls (1998) City of Angels
18%
Young and Beautiful - Lana Del Ray (2013) The Great Gatsby
18%
You Know My Name - Chris Cornell (2006) Casino Royale
9%
Save Me - Aimee Mann (1999) Magnolia
9%
Miss Misery - Elliott Smith (1997) Good Will Hunting
6%
Teenage Dirtbag - Wheatus (2000) Loser
6%
Colorblind - Counting Crows (1999) Cruel Intentions
3%
No matching quizzes found
Score Distribution
Percent of People with Each Score
Percentile by Number Answered
Your Score History
You have not taken this quiz